| 000 | 00523nam a22001817a 4500 | ||
|---|---|---|---|
| 005 | 20231110063527.0 | ||
| 008 | 231110b |||||||| |||| 00| 0 eng d | ||
| 020 | _a0702115746 | ||
| 041 | _aEnglish | ||
| 082 | _a346.1 SPI | ||
| 100 |
_aSpiro, E _lEnglish |
||
| 245 |
_aLaw of Parent and Child / _cE Spiro |
||
| 250 | _aFourth Edition | ||
| 260 |
_aCape Town : _bJuta and Company Ltd, _c1985 |
||
| 300 |
_blxv, 661 pages ; _c26 cm. |
||
| 650 |
_aLegal practice _bLaw |
||
| 942 |
_cBK _6ALISON_BN_VRIES |
||
| 999 |
_c506 _d506 |
||